000 00280nam a22001097a 4500
008 170111b xxu||||| |||| 00| 0 eng d
020 _a0838512003
041 _aeng
080 _22ND
_a618.2
245 _aCONCEPTUAL MODELS FOR NURSING PRACTICE
_cRIEHL, J.P & ROY, C
942 _2udc
_cBK
999 _c2708
_d2708